Pokémon - Les attaques de Mewtwo - Statistiques

Statistiques générales
  • Ce quiz a été pris 181 fois
    45 depuis la dernière actualisation
  • Le résultat moyen est 7 sur 16
Statistiques - réponses
Niveaux Types Noms des attaques % Correct
Niveau 48 Psy Psyko
89%
Départ Psy Choc Mental
78%
Niveau 72 Psy Frappe Psy
72%
Niveau 40 Combat Aurasphère
69%
Niveau 88 Psy Prescience
58%
Niveau 80 Normal Soin
56%
Niveau 64 Glace Brume
44%
Niveau 8 Roche Pouvoir Antique
42%
Départ Eau Fontaine de Vie
39%
Niveau 32 Psy Amnésie
31%
Niveau 16 Psy Coupe Psycho
31%
Départ Normal Météores
28%
Niveau 56 Psy Permuforce
25%
Niveau 56 Psy Permugarde
25%
Départ Normal Entrave
14%
Niveau 24 Normal Rune Protect
6%
Aucun quiz correspondant
Distribution des résultats
% des personnes avec chaque résultat
Percentile par nombre de réponses
Votre historique - résultats
Vous n’avez pas pris ce quiz depuis la dernière actualisation